000 00447cam a2200145 4500500
005 20251012010958.0
041 _afre
042 _adc
100 1 0 _aMichaud, Yves
_eauthor
245 0 0 _aÀ court d’Histoire
260 _c2012.
500 _a51
786 0 _nPhilosophie magazine | 61 | 7 | 2012-07-01 | p. 12-12 | 1951-1787
856 4 1 _uhttps://shs.cairn.info/magazine-philosophie-magazine-2012-7-page-12?lang=fr&redirect-ssocas=7080
999 _c1521326
_d1521326